Statistics for Top 20 Most Democratic Countries

Click here to take the quiz!

General Stats

  • This quiz has been taken 697 times
    (518 since last reset)
  • The average score is 15 of 20

Answer Stats

ScoreCountryGrowth% Correct
9.81Norway- 0.06
96%
9.20Finland- 0.05
95%
9.26Sweden- 0.13
95%
9.24Canada0.02
94%
9.15Denmark- 0.07
92%
8.67Germany- 0.01
92%
8.54United Kingdom0.02
92%
8.96Australia- 0.13
90%
9.37Iceland- 0.21
89%
9.25New Zealand- 0.01
88%
8.83Switzerland- 0.20
86%
8.96Netherlands- 0.05
85%
8.16Austria- 0.13
83%
9.05Ireland- 0.19
83%
8.68Luxembourg- 0.13
78%
8.94Taiwan1.21
56%
8.28Chile0.20
48%
8.61Uruguay0.23
42%
8.16Costa Rica0.03
36%
8.14Mauritius- 0.08
22%

Score Distribution

Percentile by Number Answered

Percent of People with Each Score

Your Score History

You have not taken this quiz since the last reset